• 首页
  • 本馆介绍
  • 公告通知
  • 最新文献
  • 馆藏检索
  • 电子资源
  • 读者导购
  • 参考咨询
  • 我的图书馆
  • 登录
  • 详细信息显示
  • 放入我的书架
  • 预约/预借图书
  • 作者相关作品
  • 分类相关作品
  • 丛书相关作品
  • 出版社相关作品

书目信息

  • 表格格式
  • 工作单格式
  • 卡片格式
题名:
王一亭
    
 
作者: 萧芬琪 著
分册:  
出版信息: 石家庄   河北教育出版社  2002
页数: 228页
开本: 21cm
丛书名: 中国名画家全集
单 册:
中图分类: J203
科图分类:
主题词: 美术家--人物研究--中国--民国 , 画家--艺术实践
电子资源:
ISBN: 7-5434-4853-X
000 00962oam2 2200301 450
001 05002343158
005 20051223085144.89
010    @a7-5434-4853-X@dCNY58.00
092    @aCN
100    @a20050623d2002 ekmy0chiy0120 ea
101 0  @achi
102    @aCN@b130000
105    @aa z 000yd
200 1  @a王一亭@9wang yi ting@f萧芬琪著@Fxiao fen qi zhu
210    @a石家庄@c河北教育出版社@d2002
215    @a228页@c照片,图@d21cm
225 2  @a中国名画家全集@i近现代部分@f郎绍君,张志欣主编
330    @a本书共有三章,包括生平概述、各家评论摘录和年表简编,详细介绍了画家生活时代背景、上海艺坛的赞助人、艺术的演进及艺术成就和贡献等内容。
410  0 @12001 @a近现代部分
410  0 @12001 @a中国名画家全集
606 0  @a美术家@x人物研究@y中国@z民国
606 0  @a画家@x艺术实践
610 0  @a王一亭(1867~1938)
690    @aJ203@v4
701  0 @a萧芬琪@Axiao fen qi@4著
801  0 @aCN@bNLC@c20051223
905    @a10447@dJ203@e284
999    @aHSJ
    
    王一亭/萧芬琪著.-石家庄:河北教育出版社,2002
    228页:照片,图;21cm.-(中国名画家全集.近现代部分/郎绍君,张志欣主编)
    
    
    ISBN 7-5434-4853-X:CNY58.00
    本书共有三章,包括生平概述、各家评论摘录和年表简编,详细介绍了画家生活时代背景、上海艺坛的赞助人、艺术的演进及艺术成就和贡献等内容。
●
相关链接 在E读中查询图书 在五车中查询图书 在当当中查询图书 在豆瓣中查询图书


正题名:王一亭     索取号:J203/284         预约/预借

序号 登录号 条形码 馆藏地/架位号 状态 备注
1 0369442   203694421   第一样本阅览室/ [索取号:J203/284] 在馆    
2 0372219   203722196   第一借阅区/ [索取号:J203/284] 在馆    
唐山师范学院图书馆 欢迎您!
大连网信软件有限公司© 版权所有